| 000 | 00398nam a22001457a 4500 | ||
|---|---|---|---|
| 005 | 20150520143128.0 | ||
| 008 | 150520b xxu||||| |||| 00| 0 eng d | ||
| 040 | _cPK-LaUMT | ||
| 082 |
_aKHC 301.095491 _bMUN-P |
||
| 100 | _aMuneer Ahmad | ||
| 245 |
_aPolitical sociology _bperspectives in Pakistan _cMuneer Ahmad |
||
| 260 |
_aLahore _bPunjab Adbi markaz _c1978 |
||
| 300 | _a176 p. | ||
| 942 | _cBK | ||
| 999 |
_c72085 _d72085 |
||